000 00653nam a22002297a 4500
003 UA-OsUOA
001 67848
007 ta
008 20100317b un ||||| |||| 00| 0 ukr d
100 _aРадьков В. П.
090 _a343.13
_bР15
942 _cBK
040 _aUA-OsUOA
_brus
_cUA-OsUOA
_dUA-OsUOA
245 _aСоциалистическая законность в советском уголовном процессе
300 _a251 с.
955 _a2
041 _arus
080 _a343.13
260 _aМ.
_c1959
650 7 _a343 Кримінальне право. Карні порушення
_2UDC
999 _c353971
_d353971